00383nam a2200157Ia 45000010006000000050017000060080041000230410008000640820017000721000029000892450054001182600009001723000028001816500008002096540008002172126820260306172907.0260306t2010||||xx |||||||||||||| ||spa|| aESP a344.512bF48 aBacigalupo, EnriqueeAUT 0aEl homicidio y aborto en la legislación peruana c2010 a382 páginas :c24 cm. aGEN aCDE